000 00872nam a2200217Ii 4500
003 JO-AjNU
008 230605s9999||||xx |||||||||||||| ||und||
017 _a2000/17724
020 _a977-5723-23-X
040 _aJO-AjNU
_bara
_erda
_cJO-AjNU
041 _aara
050 1 4 _aHD30.5.R6812.2001
100 3 _aورث،وليم؛ ترجمة عبدالحكم احمد الخزامى,
_eauthor
_943883
245 0 0 _aتطور نظرية الادارة منذ ماقبل اختراع "واتWatt" للآلة البخارية الى ما بعد تكنوزلوجيا"الروبوت Robot" وعسر المعلومات
264 3 1 _aالقاهرة:ايتراك للنشر والتوزيع،2001
300 _a157ص
336 _atext
_btxt
_2rdacontent
337 _aunmediated
_bn
_2rdamedia
338 _avolume
_bnc
_2rdacarrier
650 4 _aالادارة-تاريخ
_943884
999 _aA18901
_c22469
_d22469